Statystyki dla XI Roku 2020 wg. Tygodnika "Piłka Nożna" (spoza Europy)

Kliknij tutaj aby rozwiązać quiz!

Ogólne statystyki

  • Ten quiz został rozwiązany 101 razy
  • Średni wynik to 10 z 11

Statystyki odpowiedzi

PozycjaKrajKlubZawodnik% Poprawnych
BRBrazyliaLiverpoolAlisson
99%
NArgentynaBarcelonaLionel Messi
99%
NEgiptLiverpoolMohamed Salah
99%
PPKorea Płd.TottenhamSon Hueng-min
98%
LPSenegalLiverpoolSadio Mane
97%
ŚOBrazyliaPSG / ChelseaThiago Silva
96%
LOKanadaBayernAlphonso Davies
91%
ŚPBrazyliaReal MadrytCasemiro
89%
POKolumbiaJuventusJuan Cuadrado
87%
ŚPBrazyliaLiverpoolFabinho
82%
ŚOBrazyliaSevillaDiego Carlos
43%

Rozkład punktacji

Percentyl według liczby udzielonych odpowiedzi

Procent ludzi z każdym wynikiem

Twoja historia wyników

Nie rozwiązałeś tego quizu